<?xml version="1.0" encoding="UTF-8"?>
<record
    xmlns:xsi="http://www.w3.org/2001/XMLSchema-instance"
    xsi:schemaLocation="http://www.loc.gov/MARC21/slim http://www.loc.gov/standards/marcxml/schema/MARC21slim.xsd"
    xmlns="http://www.loc.gov/MARC21/slim">

  <leader>00875nam a2200277   4500</leader>
  <controlfield tag="001">2416900</controlfield>
  <controlfield tag="005">20150414112229.0</controlfield>
  <controlfield tag="007">000</controlfield>
  <controlfield tag="008">000</controlfield>
  <datafield tag="010" ind1=" " ind2=" ">
    <subfield code="a">   86225861 </subfield>
  </datafield>
  <datafield tag="020" ind1=" " ind2=" ">
    <subfield code="a">0582286417 (pbk. : v. 1)</subfield>
  </datafield>
  <datafield tag="020" ind1=" " ind2=" ">
    <subfield code="a">0582286433(pbk. : v. 2)</subfield>
  </datafield>
  <datafield tag="040" ind1=" " ind2=" ">
    <subfield code="a">UOEL</subfield>
    <subfield code="c">DLC</subfield>
    <subfield code="d">DLC</subfield>
  </datafield>
  <datafield tag="050" ind1="0" ind2="0">
    <subfield code="a">TA357</subfield>
    <subfield code="b">.D69 1986</subfield>
  </datafield>
  <datafield tag="082" ind1="0" ind2="0">
    <subfield code="a">620.1/06</subfield>
    <subfield code="2">19</subfield>
  </datafield>
  <datafield tag="100" ind1="1" ind2=" ">
    <subfield code="a">Douglas, John F.</subfield>
  </datafield>
  <datafield tag="245" ind1="1" ind2="0">
    <subfield code="a">Solving problems in fluid mechanics /</subfield>
    <subfield code="c">J.F. Douglas.</subfield>
  </datafield>
  <datafield tag="260" ind1=" " ind2=" ">
    <subfield code="a">Harlow, Essex, England :</subfield>
    <subfield code="b">Longman Scientific &amp; Technical,</subfield>
    <subfield code="c">c1986.</subfield>
  </datafield>
  <datafield tag="300" ind1=" " ind2=" ">
    <subfield code="a">2 v. :</subfield>
    <subfield code="b">ill. ;</subfield>
    <subfield code="c">25 cm.</subfield>
  </datafield>
  <datafield tag="500" ind1=" " ind2=" ">
    <subfield code="a">Previous ed.: Solution of problems in fluid mechanics.</subfield>
  </datafield>
  <datafield tag="500" ind1=" " ind2=" ">
    <subfield code="a">Includes indexes.</subfield>
  </datafield>
  <datafield tag="650" ind1=" " ind2="0">
    <subfield code="a">Fluid mechanics</subfield>
    <subfield code="x">Engineering(general)</subfield>
  </datafield>
  <datafield tag="700" ind1="1" ind2=" ">
    <subfield code="a">Douglas, John F.</subfield>
    <subfield code="t">Solution of problems in fluid mechanics.</subfield>
  </datafield>
  <datafield tag="906" ind1=" " ind2=" ">
    <subfield code="a">7</subfield>
    <subfield code="b">cbc</subfield>
    <subfield code="c">orignew</subfield>
    <subfield code="d">2</subfield>
    <subfield code="e">ncip</subfield>
    <subfield code="f">19</subfield>
    <subfield code="g">y-gencatlg</subfield>
  </datafield>
  <datafield tag="942" ind1=" " ind2=" ">
    <subfield code="2">lcc</subfield>
    <subfield code="c">LL</subfield>
  </datafield>
  <datafield tag="999" ind1=" " ind2=" ">
    <subfield code="c">4852</subfield>
    <subfield code="d">4852</subfield>
  </datafield>
  <datafield tag="952" ind1=" " ind2=" ">
    <subfield code="0">0</subfield>
    <subfield code="1">0</subfield>
    <subfield code="2">lcc</subfield>
    <subfield code="4">0</subfield>
    <subfield code="7">0</subfield>
    <subfield code="a">UOE</subfield>
    <subfield code="b">UOE</subfield>
    <subfield code="c">GEN</subfield>
    <subfield code="d">2015-04-14</subfield>
    <subfield code="l">3</subfield>
    <subfield code="o">TA357 .D69 1986</subfield>
    <subfield code="p">20032279</subfield>
    <subfield code="r">2026-04-27 12:20:19</subfield>
    <subfield code="s">2022-02-06</subfield>
    <subfield code="t">20032279</subfield>
    <subfield code="w">2015-04-14</subfield>
    <subfield code="y">LL</subfield>
  </datafield>
  <datafield tag="952" ind1=" " ind2=" ">
    <subfield code="0">0</subfield>
    <subfield code="1">0</subfield>
    <subfield code="2">lcc</subfield>
    <subfield code="4">0</subfield>
    <subfield code="7">0</subfield>
    <subfield code="a">UOE</subfield>
    <subfield code="b">UOE</subfield>
    <subfield code="c">GEN</subfield>
    <subfield code="d">2015-04-14</subfield>
    <subfield code="l">4</subfield>
    <subfield code="o">TA357 .D69 1986</subfield>
    <subfield code="p">20032278</subfield>
    <subfield code="r">2026-04-27 12:20:19</subfield>
    <subfield code="s">2020-03-10</subfield>
    <subfield code="t">20032278</subfield>
    <subfield code="w">2015-04-14</subfield>
    <subfield code="y">LL</subfield>
  </datafield>
  <datafield tag="952" ind1=" " ind2=" ">
    <subfield code="0">0</subfield>
    <subfield code="1">0</subfield>
    <subfield code="2">lcc</subfield>
    <subfield code="4">0</subfield>
    <subfield code="7">0</subfield>
    <subfield code="a">UOE</subfield>
    <subfield code="b">UOE</subfield>
    <subfield code="c">GEN</subfield>
    <subfield code="d">2016-12-09</subfield>
    <subfield code="l">1</subfield>
    <subfield code="o">TA357 .D69 1986 (vol.2)</subfield>
    <subfield code="p">20144042</subfield>
    <subfield code="r">2026-04-27 12:20:19</subfield>
    <subfield code="s">2016-12-09</subfield>
    <subfield code="t">20144042</subfield>
    <subfield code="w">2016-12-09</subfield>
    <subfield code="y">LL</subfield>
  </datafield>
  <datafield tag="952" ind1=" " ind2=" ">
    <subfield code="0">0</subfield>
    <subfield code="1">0</subfield>
    <subfield code="2">lcc</subfield>
    <subfield code="4">0</subfield>
    <subfield code="7">0</subfield>
    <subfield code="a">UOE</subfield>
    <subfield code="b">UOE</subfield>
    <subfield code="c">GEN</subfield>
    <subfield code="d">2017-09-27</subfield>
    <subfield code="l">0</subfield>
    <subfield code="o">TA357 .D69 1986 (vol.2)</subfield>
    <subfield code="p">10057521</subfield>
    <subfield code="r">2026-04-27 12:20:19</subfield>
    <subfield code="t">10057521</subfield>
    <subfield code="w">2017-09-27</subfield>
    <subfield code="y">LL</subfield>
  </datafield>
  <datafield tag="952" ind1=" " ind2=" ">
    <subfield code="0">0</subfield>
    <subfield code="1">0</subfield>
    <subfield code="2">lcc</subfield>
    <subfield code="4">0</subfield>
    <subfield code="7">0</subfield>
    <subfield code="a">UOE</subfield>
    <subfield code="b">UOE</subfield>
    <subfield code="c">GEN</subfield>
    <subfield code="d">2019-02-28</subfield>
    <subfield code="l">4</subfield>
    <subfield code="o">TA357 .D69 1986</subfield>
    <subfield code="p">10050269</subfield>
    <subfield code="r">2026-04-27 12:20:18</subfield>
    <subfield code="s">2019-08-02</subfield>
    <subfield code="t">10050269</subfield>
    <subfield code="w">2019-02-28</subfield>
    <subfield code="y">LL</subfield>
  </datafield>
  <datafield tag="952" ind1=" " ind2=" ">
    <subfield code="0">0</subfield>
    <subfield code="1">0</subfield>
    <subfield code="2">lcc</subfield>
    <subfield code="4">0</subfield>
    <subfield code="7">0</subfield>
    <subfield code="a">UOE</subfield>
    <subfield code="b">UOE</subfield>
    <subfield code="c">GEN</subfield>
    <subfield code="d">2019-02-28</subfield>
    <subfield code="l">2</subfield>
    <subfield code="o">TA357 .D69 1986</subfield>
    <subfield code="p">10050268</subfield>
    <subfield code="r">2026-04-27 12:20:18</subfield>
    <subfield code="s">2019-07-27</subfield>
    <subfield code="t">10050268</subfield>
    <subfield code="w">2019-02-28</subfield>
    <subfield code="y">LL</subfield>
  </datafield>
</record>
